[Event "Tbilisi"]
[Site "?"]
[Date "1986.??.??"]
[Round "?"]
[White "Ubilava, Elizbar"]
[Black "Zaichik, Gennadi"]
[WhiteElo "2515"]
[BlackElo "2490"]
[Result "1-0"]

1. d4 d5 2. c4 dxc4 3. Nf3 c5 4. d5 Nf6 5. Nc3 e6 6. e4 exd5 7. e5 Nfd7 8. Qxd5 Nc6 9. Qe4 Nb6 10. Bg5 Be7 11. Rd1 Bd7 12. Bf6 gxf6 13. exf6 Kf8 14. fxe7+ Qxe7 15. Be2 Qxe4 16. Nxe4 Re8 17. Nxc5 Bc8 18. Rd2 Nb4 19. a3 N4d5 20. O-O Nf4 21. Bd1 Kg7 22. g3 Ne6 23. Ne4 Rd8 24. Nd6 Nc5 25. Ng5 Rhf8 26. Bc2 Nb3 27. Rdd1 h6 28. Nge4 f5 29. Bxb3 fxe4 30. Nxc4 Be6 31. Na5 Bxb3 32. Nxb3 Nc4 33. Nc5 Rxd1 34. Rxd1 Rf7 35. Rd4 Nxb2 36. Rxe4 b6 37. Ne6+ Kf6 38. Nf4 Kf5 39. Rd4 Ke5 40. Rd5+ Ke4 41. Rd6 Nc4 42. Rxh6 Nxa3 43. Rd6 Nc4 44. Rd8 Ne5 45. Nd5 Kf3 46. Nc3 Rc7 47. Rf8+ Rf7 48. Re8 Rc7 49. Rxe5 Rxc3 50. Rf5+ Kg4 51. Rf7 b5 52. Kg2 Rb3 53. h4 Kh5 54. Rf6 Rb1 55. Kh3 Rh1+ 56. Kg2 Rb1 57. Rf5+ Kg6 58. Rf8 a5 59. Ra8 Ra1 60. g4 b4 61. h5+ Kg5 62. Rg8+ Kh6 63. Rg6+ Kh7 64. Rb6 Rc1 65. g5 Rc4 66. Kg3 a4 67. Rb7+ Kg8 68. Rb8+ Kh7 69. Rb7+ Kg8 70. f4 a3 71. Rb8+ Kf7 72. Ra8 Rc1 73. g6+ Kg7 74. Ra7+ Kf6 75. Ra6+ Kg7 76. f5 Rf1 77. Ra7+ Kh6 78. Kg4 Rg1+ 79. Kh4 Rh1+ 80. Kg4 Rg1+ 81. Kf4 Rf1+ 82. Ke5 Kg5 83. Ke6 

1-0

[Event "Eforie Nord"]
[Site "?"]
[Date "1988.??.??"]
[Round "?"]
[White "Ubilava, Elizbar"]
[Black "Marin, Mihail"]
[WhiteElo "2495"]
[BlackElo "2490"]
[Result "1-0"]

1. c4 g6 2. d4 Bg7 3. e4 d6 4. Nc3 Nd7 5. Nf3 e5 6. Be2 Ngf6 7. O-O O-O 8. Re1 c6 9. Bf1 exd4 10. Nxd4 Ng4 11. h3 Qb6 12. hxg4 Qxd4 13. Be3 Qe5 14. Qd2 Qe7 15. Rad1 Ne5 16. Qxd6 Qh4 17. Bf4 Nxg4 18. Bg3 Qg5 19. Qd2 Qh5 20. Ne2 Be5 21. Bxe5 Nxe5 22. Ng3 Qh4 23. Be2 Be6 24. b3 a5 25. Qe3 a4 26. Nf1 axb3 27. axb3 Ra2 28. Nh2 Rfa8 29. f4 Ng4 30. Bxg4 Bxg4 31. Rd2 Ra1 32. Rf1 h5 33. Rf2 Rxf1+ 34. Rxf1 Ra2 35. Rf2 Ra1+ 36. Rf1 Ra3 37. f5 gxf5 38. exf5 Qf6 39. Nxg4 hxg4 40. Qf4 Rxb3 41. Qxg4+ Qg7 42. Qe4 c5 43. f6 Qg6 44. Rf5 Rb2 45. g4 

1-0

[Event "Elgoibar"]
[Site "?"]
[Date "1994.??.??"]
[Round "?"]
[White "Ubilava, Elizbar"]
[Black "Gomez Esteban, Juan Mario"]
[WhiteElo "2535"]
[BlackElo "2485"]
[Result "1-0"]

1. c4 c5 2. g3 g6 3. Bg2 Bg7 4. Nc3 Nc6 5. a3 Nf6 6. Rb1 a5 7. e3 e6 8. Na4 b6 9. Ne2 Ba6 10. b3 d5 11. Bb2 O-O 12. O-O Rc8 13. Re1 Qc7 14. Bxf6 Bxf6 15. cxd5 exd5 16. Nf4 Ne7 17. Bxd5 g5 18. Nh5 Nxd5 19. e4 Bd4 20. exd5 f5 21. Qf3 Bb7 22. Re6 Qf7 23. Rbe1 g4 24. Qf4 Qxh5 25. Nxb6 Rcd8 26. R1e5 Bxe5 27. Qxe5 Qg5 28. Re7 Rf7 29. Rxf7 Kxf7 30. Qe6+ Kg7 31. Nd7 Bc8 32. Qe5+ Kf7 33. Qe6+ Kg7 34. Qe5+ Kh6 35. Nf6 Kg6 36. Ne8 Bd7 37. Qg7+ Kh5 38. Nf6+ 

1-0

[Event "URS-ch sf"]
[Site "?"]
[Date "1984.??.??"]
[Round "?"]
[White "Ubilava, Elizbar"]
[Black "Dvoirys, Semen I"]
[WhiteElo "2470"]
[BlackElo "2485"]
[Result "1-0"]

1. Nf3 Nf6 2. c4 c5 3. Nc3 Nc6 4. d4 cxd4 5. Nxd4 e6 6. Ndb5 Bb4 7. Bf4 O-O 8. Bd6 Bxd6 9. Nxd6 Qb6 10. Rb1 Ne8 11. e3 Ne5 12. Nxe8 Rxe8 13. Be2 d6 14. O-O Bd7 15. Qb3 Qxb3 16. axb3 Rad8 17. Rfd1 Bc6 18. b4 a6 19. f4 Ng6 20. Ra1 Rb8 21. g3 Ne7 22. Kf2 d5 23. cxd5 Nxd5 24. Nxd5 Bxd5 25. Rac1 Kf8 26. Rd4 Rec8 27. Rc3 Ke7 28. e4 Rxc3 29. bxc3 Bc6 30. Ke3 Rc8 31. e5 f6 32. c4 Rd8 33. exf6+ gxf6 34. Rxd8 Kxd8 35. c5 Ke7 36. g4 h6 37. h4 Kf7 38. Bd3 Kg7 39. g5 Bd5 40. Bc2 Bc6 

1-0

[Event "2rd Elgoibar"]
[Site "?"]
[Date "1992.??.??"]
[Round "?"]
[White "Ubilava, Elizbar"]
[Black "Urday, Henry"]
[WhiteElo "2560"]
[BlackElo "2480"]
[Result "1-0"]

1. c4 e5 2. Nc3 d6 3. g3 g6 4. Bg2 Bg7 5. e3 f5 6. Nge2 Nf6 7. b4 O-O 8. d3 c6 9. O-O Be6 10. b5 d5 11. bxc6 bxc6 12. Qa4 Re8 13. cxd5 cxd5 14. Ba3 Nbd7 15. Nb5 Nb6 16. Qa5 a6 17. Nd6 Nc8 18. Qxd8 Rxd8 19. Nb7 Re8 20. Rfc1 Bf8 21. Bxf8 Kxf8 22. Rc6 Nd7 23. a4 Rb8 24. Nc5 Nxc5 25. Rxc5 Ne7 26. d4 e4 27. Bf1 Rb6 28. a5 Rd6 29. Nc3 Rc8 30. Na4 Rxc5 31. Nxc5 Bc8 32. Rb1 Nc6 33. Rb6 Ke7 34. Bxa6 Bd7 35. Bb5 Nxa5 36. Rxd6 Bxb5 37. Rxd5 Bc6 38. Re5+ Kf7 39. Nxe4 Nb7 40. Ng5+ 

1-0

[Event "Kecskemet op1"]
[Site "?"]
[Date "1989.??.??"]
[Round "?"]
[White "Ubilava, Elizbar"]
[Black "Chekhov, Valery A"]
[WhiteElo "2525"]
[BlackElo "2480"]
[Result "1-0"]

1. g3 c5 2. Bg2 Nc6 3. Nf3 e5 4. e4 g6 5. O-O Bg7 6. Nc3 Nge7 7. d3 O-O 8. Nh4 d6 9. f4 exf4 10. Bxf4 Nd4 11. Qd2 Be6 12. Rae1 Qd7 13. Nd5 Nxd5 14. exd5 Bg4 15. c3 Nb5 16. Bh6 Rae8 17. Bxg7 Kxg7 18. Qf4 Rxe1 19. Rxe1 Re8 20. Rxe8 Qxe8 21. h3 Be2 22. Qd2 Qe5 23. Kf2 g5 24. Qxe2 Qxe2+ 25. Kxe2 gxh4 26. gxh4 Kf6 27. Kf3 Kf5 28. d4 cxd4 29. Bf1 Nc7 30. Bd3+ Ke5 31. cxd4+ Kxd4 32. Bxh7 Ke5 33. h5 Nxd5 34. h6 Kf6 35. Be4 Nb4 36. a3 Nc6 37. Ke3 Nd8 38. Kd4 Ne6+ 39. Kd5 Ng5 40. Bc2 Nxh3 41. Kxd6 Nf2 42. Kc7 b5 43. Kb7 a5 44. Kb6 b4 45. a4 b3 46. Bxb3 Nd3 47. Kxa5 Nxb2 48. Bc2 Nc4+ 49. Kb4 Ne3 50. Be4 

1-0

[Event "8th Benasque op"]
[Site "?"]
[Date "1998.??.??"]
[Round "?"]
[White "Ubilava, Elizbar"]
[Black "Izeta Txabarri, Felix"]
[WhiteElo "2540"]
[BlackElo "2475"]
[Result "1-0"]

1. c4 Nf6 2. Nc3 c5 3. g3 d5 4. cxd5 Nxd5 5. Bg2 Nc7 6. b3 e5 7. Ba3 Be7 8. Rc1 Nd7 9. e3 O-O 10. Nge2 Rb8 11. O-O b5 12. Bb2 Bb7 13. Bxb7 Rxb7 14. d4 Qa8 15. dxc5 Nxc5 16. Nd5 Nxd5 17. Qxd5 Rd7 18. Qxe5 Ne6 19. Nf4 Bf6 20. Qxb5 Ng5 21. Qxd7 Bxb2 22. Qc6 Bxc1 23. Qxa8 Rxa8 24. Rxc1 Rd8 25. Kg2 g6 26. Rc2 Kf8 27. f3 h5 28. e4 Rd4 29. h4 Nh7 30. e5 

1-0

[Event "Zafra Spain, Ruy Lopez mem"]
[Site "?"]
[Date "2004.05.06"]
[Round "?"]
[White "Ubilava, Elizbar"]
[Black "Khamrakulov, Ibragim"]
[WhiteElo "2530"]
[BlackElo "2472"]
[Result "1-0"]

1. c4 Nf6 2. Nc3 d5 3. cxd5 Nxd5 4. Nf3 g6 5. Qa4+ Bd7 6. Qh4 Bc6 7. Qd4 f6 8. e4 Nxc3 9. bxc3 e5 10. Qe3 Qe7 11. a4 a6 12. Bc4 Nd7 13. O-O Qc5 14. d3 O-O-O 15. Qe2 Nb6 16. Be3 Qa5 17. Be6+ Kb8 18. Qc2 Rd6 19. Bb3 f5 20. Nd2 fxe4 21. dxe4 Rf6 22. Bc4 Bxa4 23. Bxb6 Bxc2 24. Bxa5 Bh6 25. Nf3 

1-0

[Event "Andorra op"]
[Site "?"]
[Date "1997.??.??"]
[Round "?"]
[White "Ubilava, Elizbar"]
[Black "Pogorelov, Ruslan"]
[WhiteElo "2530"]
[BlackElo "2465"]
[Result "1-0"]

1. Nf3 Nf6 2. c4 e6 3. Nc3 Bb4 4. Qc2 O-O 5. a3 Bxc3 6. Qxc3 b6 7. g3 Bb7 8. Bg2 d6 9. b4 Nbd7 10. Bb2 Ne5 11. O-O Nxf3+ 12. Bxf3 Bxf3 13. Qxf3 e5 14. d3 Re8 15. e4 Qd7 16. Qe2 Qh3 17. Bc3 h5 18. f3 c6 19. Rae1 a6 20. f4 h4 21. Qg2 Qxg2+ 22. Kxg2 hxg3 23. hxg3 Nd7 24. Kf3 b5 25. Rc1 f6 26. Bd2 c5 27. Rc2 Kf7 28. Rfc1 exf4 29. gxf4 bxc4 30. Rxc4 g5 31. Rh1 gxf4 32. Bxf4 Ke6 33. bxc5 dxc5 34. d4 Rh8 35. Rxh8 Rxh8 36. dxc5 Rh3+ 37. Kg4 Rxa3 38. c6 Nb6 39. c7 Nc8 40. Rd4 Rc3 41. Rd8 Ne7 42. Rd6+ Kf7 43. Rxa6 Rc4 44. Kf3 f5 45. exf5 Nxf5 46. Ra8 Ne7 47. Bd6 Ke6 48. Bxe7 Rxc7 49. Bg5 Rc4 50. Rd8 Kf5 51. Be3 Ra4 52. Rd5+ Ke6 53. Rb5 Rc4 54. Bf4 Ra4 55. Kg4 Rd4 56. Rb6+ Kd5 57. Kf5 Rd3 58. Re6 Rd4 59. Be3 Rd1 60. Re5+ Kd6 61. Ke4 Re1 62. Rh5 Ke6 63. Rh6+ Kd7 64. Kd4 Rd1+ 65. Kc5 Re1 66. Bf4 Re6 67. Rh4 Re1 68. Kd5 Rd1+ 69. Ke4 Re1+ 70. Be3 Ke6 71. Rh6+ Kd7 72. Ra6 Ke7 73. Kd4 Rd1+ 74. Ke5 Re1 75. Ra3 Kd7 76. Kd5 Rd1+ 77. Bd4 Rc1 78. Ra6 Rc2 79. Rd6+ Kc8 80. Rg6 Kb7 81. Rg1 Rc7 82. Be5 Rc2 83. Rb1+ Ka6 84. Bd4 Rc7 85. Rb6+ Ka5 86. Bc5 Rh7 87. Rb3 Ka4 88. Rb1 Rh4 89. Bd4 Ka5 90. Kc4 Ka6 91. Rb6+ Ka5 92. Rg6 Rf4 93. Rg7 

1-0

[Event "4th It"]
[Site "?"]
[Date "2001.05.24"]
[Round "?"]
[White "Ubilava, Elizbar"]
[Black "Fernandes, An"]
[WhiteElo "2526"]
[BlackElo "2465"]
[Result "1-0"]

1. c4 e5 2. Nc3 Nc6 3. Nf3 g6 4. d4 exd4 5. Nxd4 Bg7 6. Nxc6 bxc6 7. g3 Qe7 8. Bd2 Rb8 9. b3 f5 10. Bg2 Nf6 11. O-O Ne4 12. Nxe4 fxe4 13. Rc1 d6 14. Bc3 Bf5 15. Bxg7 Qxg7 16. e3 Qe5 17. Qd4 Qxd4 18. exd4 Kd7 19. Rfe1 Rhe8 20. Re3 a5 21. Rce1 a4 22. g4 Bxg4 23. Bxe4 Be6 24. Bxc6+ Kxc6 25. d5+ Kd7 26. dxe6+ Ke7 27. bxa4 Rb4 28. c5 d5 29. Rd3 Rd8 30. Re5 d4 31. Rf3 Rf8 

1-0

[Event "Tbilisi"]
[Site "?"]
[Date "1988.??.??"]
[Round "?"]
[White "Ubilava, Elizbar"]
[Black "Lukov, Valentin"]
[WhiteElo "2500"]
[BlackElo "2465"]
[Result "1-0"]

1. g3 d5 2. Bg2 Nf6 3. d3 e5 4. Nf3 Bd6 5. O-O O-O 6. Nbd2 Re8 7. e4 c6 8. c3 a5 9. a4 Nbd7 10. Qc2 b6 11. Re1 Bb7 12. Nf1 dxe4 13. dxe4 b5 14. Nh4 Bf8 15. Rd1 Qc7 16. Nf5 bxa4 17. Bg5 a3 18. bxa3 a4 19. Nd2 h6 20. Bxf6 Nxf6 21. Nc4 Ba6 22. Bf1 Bxc4 23. Bxc4 Bc5 24. h3 Kh7 25. Kg2 g6 26. Nh4 Kg7 27. Nf3 Qe7 28. Nd2 Red8 29. Bd3 Bxa3 30. Nc4 Bc5 31. Rxa4 Ra7 32. Rda1 Rda8 33. Ra5 Nd7 34. R1a4 Rxa5 35. Rxa5 Rxa5 36. Nxa5 Qf6 37. Qa2 Bb6 38. Nc4 Bc5 39. Qb2 h5 40. h4 Ba7 41. Bb1 Qe7 42. Qb7 Bc5 43. Qxc6 Nf6 44. f3 Ba7 45. Ba2 Bb8 46. Qb6 Bc7 47. Qf2 Bb8 48. Nb6 Nd7 49. Nd5 Qa3 50. Qc2 Qc5 51. Qf2 Qa3 52. Qd2 Qc5 53. Ne3 Nf6 54. Nf5+ gxf5 55. Qg5+ Kf8 56. Qxf6 Qa7 57. Bd5 f4 58. gxf4 exf4 59. Qh8+ Ke7 60. Qxh5 

1-0

[Event "Ponferrada op1"]
[Site "?"]
[Date "1992.??.??"]
[Round "?"]
[White "Ubilava, Elizbar"]
[Black "Topalov, Veselin"]
[WhiteElo "2560"]
[BlackElo "2460"]
[Result "1-0"]

1. d4 f5 2. g3 Nf6 3. Bg2 g6 4. Nh3 Bg7 5. Nf4 Nc6 6. h4 e5 7. dxe5 Nxe5 8. h5 c6 9. c4 O-O 10. hxg6 hxg6 11. Nc3 Qe8 12. c5 b6 13. Nb5 bxc5 14. Nd6 Qe7 15. Qb3+ Rf7 16. Nxf7 c4 17. Nxg6 Nxg6 18. Nh6+ Bxh6 19. Qxc4+ d5 20. Qxc6 Bb7 21. Bxd5+ Nxd5 22. Qxg6+ Bg7 23. Qh7+ Kf7 24. Bh6 Rg8 25. Bxg7 Rxg7 26. Qxf5+ Kg8 27. Rh4 Nf6 28. Rc1 Kf7 29. Rh6 

1-0

[Event "Elgoibar"]
[Site "?"]
[Date "1998.11.22"]
[Round "?"]
[White "Ubilava, Elizbar"]
[Black "Mellado Trivino, Juan"]
[WhiteElo "2540"]
[BlackElo "2460"]
[Result "1-0"]

1. Nf3 Nf6 2. c4 c5 3. Nc3 Nc6 4. d4 cxd4 5. Nxd4 g6 6. e4 Bg7 7. Be3 O-O 8. Be2 d6 9. O-O a5 10. f3 Bd7 11. Ndb5 Ne5 12. Rc1 Bc6 13. c5 d5 14. Bd4 Nxe4 15. fxe4 dxe4 16. Qa4 e6 17. Be3 Nd3 18. Rcd1 Qd7 19. Bxd3 Bxc3 20. Be2 

1-0

[Event "Spanish Championship"]
[Site "?"]
[Date "2000.08.13"]
[Round "?"]
[White "Ubilava, Elizbar"]
[Black "Movsziszian, Karen"]
[WhiteElo "2532"]
[BlackElo "2460"]
[Result "1-0"]

1. d4 g6 2. c4 Bg7 3. Nc3 Nf6 4. e4 d6 5. Nf3 O-O 6. Be2 Na6 7. O-O e5 8. Be3 Ng4 9. Bg5 Qe8 10. dxe5 dxe5 11. h3 h6 12. Bd2 Nf6 13. Be3 Qe7 14. a3 c6 15. b4 Nh5 16. Re1 Nf4 17. Bf1 Qf6 18. Ra2 Rd8 19. Rd2 Rxd2 20. Qxd2 Nxh3+ 21. gxh3 Qxf3 22. b5 Bxh3 23. Bxh3 Qxh3 24. bxa6 bxa6 25. Qd6 Qg4+ 26. Kf1 f5 

1-0

[Event "URS-sf"]
[Site "?"]
[Date "1989.??.??"]
[Round "?"]
[White "Ubilava, Elizbar"]
[Black "Epishin, Vladimir"]
[WhiteElo "2525"]
[BlackElo "2460"]
[Result "1-0"]

1. c4 Nf6 2. Nc3 e5 3. d3 h6 4. Nf3 Nc6 5. g3 Bb4 6. Bd2 O-O 7. Bg2 Re8 8. O-O a5 9. a3 Bxc3 10. Bxc3 d5 11. cxd5 Nxd5 12. Qc2 Bg4 13. h3 Bh5 14. Rfe1 a4 15. b4 f6 16. Bb2 Bf7 17. Rac1 Re7 18. Qb1 Rd7 19. d4 exd4 20. Nxd4 Ndxb4 21. Nxc6 Nxc6 22. Bxf6 Qc8 23. Bc3 Bb3 24. Qg6 Qe8 25. Qxe8+ Rxe8 26. Bxc6 bxc6 27. Bb4 Re6 28. h4 g5 29. hxg5 hxg5 30. g4 Rh6 31. Rc5 Rd5 32. Rec1 Re6 33. Rxc6 Rxe2 34. Rxc7 Rd1+ 35. Rxd1 Bxd1 36. Rd7 Bb3 37. f3 Rc2 38. Be7 Rc3 39. Kf2 Be6 40. Rd8+ Kf7 41. Bxg5 Rxa3 42. Rd4 Kg6 43. Be7 Rc3 44. Rxa4 Rc4 45. Ra6 Kf7 46. Bd6 Bxg4 47. fxg4 Rxg4 

1-0

[Event "Rome op"]
[Site "?"]
[Date "1990.??.??"]
[Round "?"]
[White "Ubilava, Elizbar"]
[Black "Garcia Palermo, Carlos"]
[WhiteElo "2515"]
[BlackElo "2460"]
[Result "1-0"]

1. c4 e5 2. Nc3 Nc6 3. g3 g6 4. Bg2 Bg7 5. e3 Nge7 6. Nge2 d6 7. d3 a6 8. Rb1 Rb8 9. b4 b5 10. cxb5 axb5 11. a4 Na7 12. d4 Bd7 13. a5 exd4 14. exd4 O-O 15. O-O Bf5 16. Be4 d5 17. Bxf5 Nxf5 18. Qd3 Qd7 19. Bf4 Rfe8 20. Rfc1 h5 21. Rc2 Re6 22. Nd1 Nc6 23. Ne3 Nxe3 24. Bxe3 Bf8 25. Qc3 Rbe8 26. Nc1 Rf6 27. Nd3 Qh3 28. Bg5 Rd6 29. Bf4 Rde6 30. Bxc7 g5 31. Ne5 Rc8 32. Qxc6 Rxc6 33. Rxc6 Qf5 34. Rb3 f6 35. Nd3 h4 36. Ne1 Qd7 37. Rxf6 Rxc7 38. Rg6+ Bg7 39. Re3 Qf5 

1-0

[Event "Leon"]
[Site "?"]
[Date "1994.??.??"]
[Round "?"]
[White "Ubilava, Elizbar"]
[Black "Romero Holmes, Alfonso"]
[WhiteElo "2535"]
[BlackElo "2455"]
[Result "1-0"]

1. c4 g6 2. Nc3 Bg7 3. g3 e5 4. Bg2 d6 5. e3 f5 6. d4 Nf6 7. dxe5 dxe5 8. Qxd8+ Kxd8 9. b3 c6 10. Bb2 Kc7 11. Nf3 Nbd7 12. e4 Nc5 13. O-O Nfxe4 14. Nxe4 fxe4 15. Ng5 Bf5 16. Ba3 Bf8 17. h3 h6 18. Nf7 Rh7 19. Nxe5 Nd3 20. Bxf8 Nxe5 21. Bc5 Nf3+ 22. Kh1 b6 23. Be3 Rd8 24. Rfd1 h5 25. Rxd8 Kxd8 26. Bf1 Rd7 27. Kg2 c5 28. Be2 Nd4 29. Bd1 Nf3 30. Bc2 Nd4 31. Bxd4 Rxd4 32. Re1 Kd7 33. h4 Kd6 34. Kf1 a6 35. Ke2 b5 36. cxb5 axb5 37. Ke3 Ke5 38. Rc1 b4 39. f3 exf3 40. Bxf5 Kxf5 41. Rxc5+ Kg4 42. Kxd4 

1-0

[Event "XXXXII Open"]
[Site "?"]
[Date "2005.03.26"]
[Round "?"]
[White "Ubilava, Elizbar"]
[Black "Movsziszian, Karen"]
[WhiteElo "2513"]
[BlackElo "2455"]
[Result "1-0"]

1. Nf3 Nf6 2. c4 g6 3. Nc3 Bg7 4. e4 d6 5. d4 O-O 6. Be2 e5 7. O-O Na6 8. Re1 c6 9. Rb1 Re8 10. d5 Nc5 11. Bg5 a5 12. Nd2 h6 13. Be3 cxd5 14. cxd5 Bd7 15. Bxc5 dxc5 16. a4 Rf8 17. Bb5 Bxb5 18. Nxb5 

1-0

[Event "URS-ch sf"]
[Site "?"]
[Date "1983.??.??"]
[Round "?"]
[White "Ubilava, Elizbar"]
[Black "Klovans, Janis"]
[WhiteElo "2445"]
[BlackElo "2450"]
[Result "1-0"]

1. d4 Nf6 2. c4 e6 3. Nc3 d5 4. Bg5 Be7 5. Nf3 O-O 6. e3 h6 7. Bh4 b6 8. Qc2 Bb7 9. Bxf6 Bxf6 10. cxd5 exd5 11. O-O-O c5 12. dxc5 Nd7 13. c6 Bxc6 14. Nd4 Rc8 15. Kb1 Bxd4 16. Rxd4 Nc5 17. Qf5 g6 18. Qh3 Ne6 19. Rd2 h5 20. Ba6 Rc7 21. Rhd1 Rd7 22. Qf3 Nc7 23. Qe2 Qe7 24. g3 Rfd8 25. a3 Ne6 26. Bb5 Bxb5 27. Nxb5 Nc5 28. Nd4 a5 29. Qb5 Qf6 30. Ka2 Rd6 31. Rc2 a4 32. Qb4 R6d7 33. h4 Rd6 34. Rg1 Re8 35. Qc3 Rd7 36. Rd1 Red8 37. Qe1 Rd6 38. Qe2 Re8 39. Rg1 Re4 40. Qb5 Re7 41. Rd1 Kg7 42. Qf1 Rd8 43. Qg2 Red7 44. Qf3 Qd6 45. g4 Qf6 46. gxh5 Qxf3 47. Nxf3 gxh5 48. Rg1+ Kf6 49. Nd4 Re8 50. Rg5 Re5 51. f4 Rxe3 52. Rxh5 Rg3 53. Re2 Ne4 54. Nf5 Rg1 55. Ne3 Ng3 56. Ng4+ Kg7 57. Rg5+ Kf8 58. Nf6 Nxe2 59. Nxd7+ Ke7 60. Rxg1 Nxg1 61. Nxb6 Ke6 62. Nxa4 Ne2 63. Nc5+ Kf5 64. a4 Kxf4 65. a5 Nd4 66. a6 Nc6 67. Ka3 Kg4 68. b4 

1-0

[Event "5th Terres Catalanes"]
[Site "?"]
[Date "1997.??.??"]
[Round "?"]
[White "Ubilava, Elizbar"]
[Black "Sion Castro, Marcelino"]
[WhiteElo "2520"]
[BlackElo "2435"]
[Result "1-0"]

1. c4 g6 2. e4 e5 3. d4 Nf6 4. Nf3 Nxe4 5. Bd3 Bb4+ 6. Kf1 d5 7. Nxe5 O-O 8. f3 Nf6 9. Nc3 Nc6 10. Nxc6 bxc6 11. c5 Bxc3 12. bxc3 Nh5 13. Bh6 Re8 14. Qd2 Rb8 15. Kf2 Qh4+ 16. g3 Qh3 17. Bf1 Qe6 18. g4 Ng7 19. Bd3 Qe7 20. Bf4 f6 21. Rhe1 Be6 22. Re2 Qd7 23. Rae1 g5 24. Bxg5 fxg5 25. Qxg5 Kh8 26. Qh4 Bg8 27. Re7 Rxe7 28. Rxe7 Qd8 29. Qf6 Qf8 30. Qxf8 Rxf8 31. Rxc7 Rb8 32. Rxc6 Rb2+ 33. Ke3 Rxa2 34. Rc8 Ra3 35. c6 Ne6 36. Bf5 Rxc3+ 37. Kd2 Rxc6 38. Rxc6 Nxd4 39. Rc8 Kg7 40. Ke3 Nb5 41. Bd3 

1-0

[Event "Trencianske Teplice"]
[Site "?"]
[Date "1985.??.??"]
[Round "?"]
[White "Ubilava, Elizbar"]
[Black "Polgar, Zsuzsa"]
[WhiteElo "2485"]
[BlackElo "2430"]
[Result "1-0"]

1. d4 d5 2. c4 dxc4 3. Nf3 c5 4. d5 Nf6 5. Nc3 e6 6. e4 exd5 7. e5 Nfd7 8. Qxd5 Nb6 9. Qxd8+ Kxd8 10. Bg5+ Kc7 11. O-O-O Be6 12. Bd8+ Kc8 13. Bxb6 axb6 14. Ng5 g6 15. Nxe6 fxe6 16. Bxc4 Bh6+ 17. Kb1 Re8 18. Rd6 Nc6 19. Bxe6+ Kb8 20. Bd5 Rxe5 21. Rd7 Ra5 22. Rd1 Nd4 23. Rxh7 Bg5 24. Rxb7+ Kc8 25. Rxb6 Ne2 26. Ne4 c4 27. Nd6+ Kc7 28. Rc6+ Kd7 29. Bf3 Nd4 30. Nxc4 

1-0

[Event "8th Benasque op"]
[Site "?"]
[Date "1998.??.??"]
[Round "?"]
[White "Ubilava, Elizbar"]
[Black "Kovacevic, Slobodan"]
[WhiteElo "2540"]
[BlackElo "2420"]
[Result "1-0"]

1. Nf3 c5 2. g3 b6 3. Bg2 Bb7 4. d3 Nf6 5. e4 e6 6. O-O d5 7. e5 Nfd7 8. Re1 Nc6 9. c3 Qc7 10. Bf4 h6 11. h4 Be7 12. Nbd2 O-O 13. d4 Ncb8 14. Nf1 cxd4 15. cxd4 Rc8 16. Rc1 Qd8 17. Bd2 b5 18. Ne3 Qb6 19. Nc2 Rc7 20. Bf1 

1-0

[Event "Alcobendas op"]
[Site "?"]
[Date "1994.??.??"]
[Round "?"]
[White "Ubilava, Elizbar"]
[Black "De La Riva Aguado, Oscar"]
[WhiteElo "2525"]
[BlackElo "2420"]
[Result "1-0"]

1. Nf3 g6 2. d4 Bg7 3. g3 f5 4. Bg2 Nf6 5. O-O O-O 6. b3 d6 7. Bb2 Qe8 8. Nbd2 Nc6 9. Nc4 h6 10. Nfd2 e6 11. a4 Bd7 12. e3 a6 13. Qe2 Rb8 14. Rfd1 g5 15. f4 Ne7 16. Rf1 g4 17. Rfe1 h5 18. Qd3 b5 19. axb5 axb5 20. Na5 b4 21. Nac4 Kh8 22. Ra7 Qd8 23. c3 bxc3 24. Bxc3 Nfd5 25. Na5 Rb5 26. Ra1 Qb8 27. Nac4 Nc6 28. R7a3 Ncb4 29. Bxb4 Nxb4 30. Qc3 Nd5 31. Qd3 Nb4 32. Qb1 Bc6 33. Bxc6 Nxc6 34. Kf2 Nb4 35. Ra7 c5 36. dxc5 Rxc5 37. Re7 d5 38. Raa7 Bf6 39. Reb7 Qe8 40. Nd6 Qd8 41. Nxf5 

1-0

[Event "ESP-ChT1"]
[Site "?"]
[Date "2002.09.09"]
[Round "?"]
[White "Ubilava, Elizbar"]
[Black "Perez Candelario, Manuel"]
[WhiteElo "2552"]
[BlackElo "2408"]
[Result "1-0"]

1. d4 e6 2. c4 c5 3. Nf3 cxd4 4. Nxd4 Nf6 5. Nc3 a6 6. e4 Qc7 7. a3 d6 8. Be3 Nbd7 9. Rc1 b6 10. f3 Bb7 11. Be2 Be7 12. O-O O-O 13. Qb3 Rac8 14. Rfd1 Qb8 15. Kh1 Rfe8 16. Bf2 Bd8 17. Bf1 Bc7 18. Bg1 Qa8 19. Nc2 h5 20. h4 Nc5 21. Qa2 d5 22. cxd5 exd5 23. exd5 Bf4 24. Ra1 Red8 25. Nb4 a5 26. Nc6 Bxc6 27. dxc6 Rxc6 28. Bc4 Rc7 29. b4 Rxd1 30. Rxd1 axb4 31. axb4 Qxa2 32. Bxa2 Ne6 33. Ne2 Be5 34. Bxe6 fxe6 35. Bxb6 Rc2 36. Nd4 Rb2 37. Nxe6 Rxb4 38. Bf2 Kf7 39. Ng5+ Kg6 40. g3 Rb3 41. Kg2 Rb2 42. Kf1 Ra2 43. Rd3 Kf5 44. Rb3 Rb2 45. Ra3 Kg6 46. Ra5 Bc7 47. Ra6 Be5 48. Re6 Bc3 49. Rc6 Be5 50. f4 Bb8 51. Bd4 Rb4 52. Bc3 Ra4 53. Kg2 Ba7 54. Ne6 Ra2+ 55. Kf1 Ne4 56. Nxg7+ Kh7 57. Nxh5 Rc2 58. Rc7+ Kg6 59. g4 Rxc3 60. Rxa7 Ng3+ 61. Nxg3 Rxg3 62. f5+ Kf6 63. Ra4 Rh3 64. Kg2 Rxh4 65. g5+ 

1-0

[Event "Montanchez"]
[Site "?"]
[Date "1998.??.??"]
[Round "?"]
[White "Ubilava, Elizbar"]
[Black "Estremera Panos, Sergio"]
[WhiteElo "2540"]
[BlackElo "2400"]
[Result "1-0"]

1. Nf3 Nf6 2. g3 d5 3. Bg2 e6 4. O-O Be7 5. d3 c5 6. Nbd2 Nc6 7. e4 Qc7 8. Re1 b6 9. c3 Ba6 10. e5 Nd7 11. Qe2 g5 12. h3 O-O-O 13. Nf1 Rdg8 14. c4 dxc4 15. dxc4 h5 16. b3 g4 17. hxg4 hxg4 18. N3h2 Ncxe5 19. Bf4 Bd6 20. Rad1 Nf3+ 21. Nxf3 gxf3 22. Qxf3 Bxf4 23. Qxf4 Qxf4 24. gxf4 Rh4 25. f5 e5 26. Rd3 Rf4 27. Rg3 Rxg3 28. Nxg3 Kc7 29. Bd5 f6 30. Kg2 Rh4 31. Rd1 Bc8 32. Ne4 Rg4+ 33. Kf3 Rf4+ 34. Ke3 Rxf5 35. Be6 Rf4 36. Nd6 Nf8 37. Bxc8 Rd4 38. Nb5+ Kxc8 39. Nxd4 cxd4+ 40. Ke4 Kd7 41. Kf5 Ne6 42. Kxf6 Kd6 43. b4 a5 44. a3 axb4 45. axb4 Nd8 46. f4 

1-0

[Event "Ponferrada op"]
[Site "?"]
[Date "1991.??.??"]
[Round "?"]
[White "Ubilava, Elizbar"]
[Black "Frois, Antonio"]
[WhiteElo "2535"]
[BlackElo "2400"]
[Result "1-0"]

1. c4 c5 2. Nf3 Nf6 3. g3 e6 4. Bg2 d5 5. O-O Nc6 6. cxd5 exd5 7. d4 Be7 8. dxc5 Bxc5 9. a3 O-O 10. b4 Be7 11. Nc3 Bg4 12. Bf4 Rc8 13. Rc1 Re8 14. Qd3 d4 15. Nb5 Nd5 16. Ne5 Nxe5 17. Bxe5 Rxc1 18. Rxc1 Bg5 19. Qxd4 Bxc1 20. Bxd5 Bb2 21. Bxf7+ Kxf7 22. Nd6+ Ke7 23. Qxb2 Rg8 24. Qd4 Qd7 25. f3 Be6 26. Qxa7 Qc6 27. Nxb7 Bd7 28. Kf2 g6 29. a4 Qxa4 30. Qc5+ Kf7 31. Nd6+ 

1-0

[Event "5th Benidorm Master op"]
[Site "?"]
[Date "2008.12.06"]
[Round "?"]
[White "Delchev, Aleksander"]
[Black "Ubilava, Elizbar"]
[WhiteElo "2632"]
[BlackElo "2551"]
[Result "0-1"]

1. d4 Nf6 2. Nf3 e6 3. c4 b6 4. e3 Bb7 5. Bd3 d5 6. cxd5 exd5 7. Nc3 a6 8. O-O Bd6 9. b3 Nbd7 10. Bb2 O-O 11. Rc1 Qe7 12. Ne2 Ne4 13. Ng3 f5 14. Re1 Rac8 15. Qe2 b5 16. Rc2 Qf6 17. Rec1 c6 18. a4 Kh8 19. axb5 axb5 20. Ra1 Bb8 21. Nf1 Rfe8 22. Qd1 Re6 23. Qc1 Rce8 24. b4 Qf8 25. Ne5 Nxe5 26. dxe5 Bxe5 27. Ra7 Nd6 28. Bxe5 Rxe5 29. Nd2 R5e7 30. Nf3 Nc4 31. Nd4 f4 32. Nf5 Rf7 33. Bxc4 dxc4 34. Qa1 Rxf5 35. Rxb7 Rf7 36. Rxf7 Qxf7 37. exf4 Qxf4 38. Re2 Rd8 39. Qe1 h6 40. h3 Kh7 41. Re7 Qd4 42. Rc7 Qd1 43. Kf1 c3 44. Rxc6 c2 

0-1

[Event "Elgoibar"]
[Site "?"]
[Date "1998.11.23"]
[Round "?"]
[White "Korneev, Oleg"]
[Black "Ubilava, Elizbar"]
[WhiteElo "2600"]
[BlackElo "2540"]
[Result "0-1"]

1. e4 c5 2. Nf3 d6 3. d4 cxd4 4. Nxd4 Nf6 5. Nc3 a6 6. Be3 e5 7. Nb3 Be6 8. f3 Be7 9. Qd2 h5 10. O-O-O Nbd7 11. Kb1 Rc8 12. g3 Qc7 13. h3 b5 14. Qf2 Qb7 15. Qd2 Nb6 16. Bxb6 Qxb6 17. Nd5 Bxd5 18. exd5 O-O 19. g4 b4 20. g5 Nd7 21. h4 g6 22. Bh3 Rc7 23. f4 a5 24. Rhe1 a4 25. Nd4 Bxg5 26. fxg5 exd4 27. Bxd7 Rxd7 28. Qxd4 Qb5 29. Re4 Rb7 30. Qc4 Qxc4 31. Rxc4 f6 32. gxf6 Rxf6 33. a3 bxa3 34. b4 axb3 35. cxb3 Rxb3+ 36. Ka2 Rff3 37. Re1 Rbd3 38. Rc8+ Kg7 39. Rc7+ Rf7 40. Rc4 Rf2+ 41. Ka1 Rxd5 42. Rc3 Rd4 43. Rh1 Rff4 44. Rch3 d5 45. Ka2 Ra4 46. R1h2 d4 47. Rxa3 Rc4 48. Rb3 Rc3 49. Rb7+ Kh6 50. Rg2 d3 

0-1